000 00279nam a2200109Ia 4500
008 190216s9999||||xx |||||||||||||| ||und||
100 _aRamakrishan Sastry
245 2 _aA Treatise On Physics For Iit-Jee
260 _bVikas Publishing House
_c1998
300 _a973p
942 _cREF
999 _c36386
_d36386